| 000 | 00553nam a2200169 a 4500 | ||
|---|---|---|---|
| 001 | 000025336 | ||
| 005 | 20200930023721.0 | ||
| 008 | 110214s1966 ag r 000 0 spa d | ||
| 040 |
_aDO-SdBNP _bSPA _cBNPHU |
||
| 082 |
_aNNN _bP312t, 1966 |
||
| 100 | 1 |
_aPaton , Juan G. _d1824- _951889 |
|
| 245 | 1 | 0 |
_aTreinta años entre los canibales : _bapuntes sacado de la memorias autobiográficas / _cJuan G. Paton traducidos por N. W. M. y L. M. B. |
| 250 | _a4a ed. | ||
| 260 |
_a[Buenos Aires] : _bVerdad, _c1966. |
||
| 300 |
_a138 p. ; _c18 cm. |
||
| 049 | _aBNGR | ||
| 999 |
_c24828 _d24828 |
||